[Event "GER-chT U12"]
[Site "Verden an der Aller"]
[Date "2007.12.29"]
[Round "6.4"]
[White "Priesmann, Dominik"]
[Black "Schmid, Bernd"]
[Result "1-0"]
[WhiteElo "796"]
[BlackElo "776"]
[PlyCount "61"]
[EventDate "2007.12.27"]
[EventType "team-swiss"]
[EventRounds "7"]
[EventCountry "GER"]
[SourceTitle "EXT 2009"]
[Source "ChessBase"]
[SourceDate "2008.11.26"]
[SourceVersion "1"]
[SourceVersionDate "2008.11.26"]
[SourceQuality "1"]
[WhiteTeam "Porz SG U12"]
[BlackTeam "Unterkochen U12"]
[WhiteTeamCountry "GER"]
[BlackTeamCountry "GER"]

1. e4 e5 2. Nf3 Nc6 3. Nc3 Nf6 4. Bc4 Bc5 5. Bd5 Na5 6. Nxe5 0-0 7. d4 Bb4 8. Bd2 Be7 9. 0-0 c6 10. Bb3 d6 11. Nc4 Nxc4 12. Bxc4 Bg4 13. f3 Bh3 14. gxh3 Qc8 15. Qe2 Qxh3 16. Qg2 Qd7 17. Bh6 g6 18. Bxf8 Rxf8 19. e5 dxe5 20. dxe5 Nh5 21. Rad1 Qc7 22. e6 Bc5+ 23. Kh1 fxe6 24. Bxe6+ Kh8 25. Rd7 Qb8 26. Qd2 Rg8 27. Bxg8 Kxg8 28. Qd3 Bb6 29. Na4 Ba5 30. Qb3+ Kf8 31. Qf7# 1-0

[Event "GER-chT U12"]
[Site "Verden an der Aller"]
[Date "2007.12.29"]
[Round "5.4"]
[White "Schmid, Bernd"]
[Black "Opitz, Jonas"]
[Result "0-1"]
[WhiteElo "776"]
[BlackElo "1075"]
[PlyCount "76"]
[EventDate "2007.12.27"]
[EventType "team-swiss"]
[EventRounds "7"]
[EventCountry "GER"]
[SourceTitle "EXT 2009"]
[Source "ChessBase"]
[SourceDate "2008.11.26"]
[SourceVersion "1"]
[SourceVersionDate "2008.11.26"]
[SourceQuality "1"]
[WhiteTeam "Unterkochen U12"]
[BlackTeam "Vaterstetten SC U12"]
[WhiteTeamCountry "GER"]
[BlackTeamCountry "GER"]

1. e4 d6 2. f4 Nf6 3. Nf3 g6 4. d4 Bg7 5. Nc3 0-0 6. Bc4 Nc6 7. Be3 Bd7 8. Qd3 Re8 9. 0-0-0 e5 10. fxe5 dxe5 11. dxe5 Nxe5 12. Nxe5 Rxe5 13. Rhf1 Re8 14. Bd4 Bg4 15. Rd2 Qe7 16. Bxf6 Bxf6 17. Nd5 Qe5 18. Nxf6+ Kg7 19. Nxg4 Qg5 20. Nf6 Red8 21. Nd5 Rac8 22. Kb1 c6 23. g3 cxd5 24. exd5 a6 25. Bb3 b5 26. h4 Qe7 27. d6 Qd7 28. Rxf7+ Qxf7 29. Bxf7 Kxf7 30. d7 Rc7 31. Qd6 Ra7 32. Qd5+ Ke7 33. Qe5+ Kf7 34. Rf2+ Kg8 35. Qe7 Raxd7 36. Rf8+ Rxf8 37. Qxd7 Rf1+ 38. Qd1 Rxd1# 0-1